Costos logísticos / (Registro nro. 6182)

Detalles MARC
000 -LEADER
fixed length control field 01252nam a2200289Ia 4500
003 - CONTROL NUMBER IDENTIFIER
control field OSt
005 - DATE AND TIME OF LATEST TRANSACTION
control field 20201029140019.0
008 - FIXED-LENGTH DATA ELEMENTS--GENERAL INFORMATION
fixed length control field 191128s2014 ck gr 000 0 spa d
020 ## - INTERNATIONAL STANDARD BOOK NUMBER
International Standard Book Number 9789587711271
040 ## - CATALOGING SOURCE
Original cataloging agency CO-JMCR
Transcribing agency CO-JMCR
041 0# - LANGUAGE CODE
Language code of text/sound track or separate title spa
082 04 - DEWEY DECIMAL CLASSIFICATION NUMBER
Classification number 658.5 /
Item number E711c
Edition number 23
100 1# - MAIN ENTRY--PERSONAL NAME
Personal name Escalante Gómez, Juan Esteban,
Relator term autor
9 (RLIN) 12209
245 10 - TITLE STATEMENT
Title Costos logísticos /
Statement of responsibility, etc. Juan Esteban Escalante Gómez y Ricardo Uribe Marín
250 ## - EDITION STATEMENT
Edition statement Primera edición
260 ## - PUBLICATION, DISTRIBUTION, ETC.
Place of publication, distribution, etc. Bogotá :
Name of publisher, distributor, etc. Ecoe,
Date of publication, distribution, etc. 2014
300 ## - PHYSICAL DESCRIPTION
Extent xii, 130 páginas ;
Dimensions 24 cm.
490 0# - SERIES STATEMENT
Series statement Ciencias empresariales. Logística
500 ## - GENERAL NOTE
General note Incluye glosario.
504 ## - BIBLIOGRAPHY, ETC. NOTE
Bibliography, etc. note Bibliografía: páginas 129-130
505 0# - FORMATTED CONTENTS NOTE
Formatted contents note Introducción a la logística -- Costos para toma de decisiones logísticas -- Costos logísticos
520 3# - SUMMARY, ETC.
Summary, etc. En primera instancia, la obra familiariza al lector con algunos conceptos importantes relacionados con la logística para posteriormente presentar una aproximación a la gestión de costos y gastos en la cadena de suministro, analizando el comportamiento de
650 14 - SUBJECT ADDED ENTRY--TOPICAL TERM
Topical term or geographic name entry element Logística en los negocios
9 (RLIN) 12210
650 14 - SUBJECT ADDED ENTRY--TOPICAL TERM
Topical term or geographic name entry element Costos
General subdivision administración industrial
9 (RLIN) 12211
700 1# - ADDED ENTRY--PERSONAL NAME
Personal name Uribe Marín, Ricardo,
Relator term autor
9 (RLIN) 12212
942 ## - ADDED ENTRY ELEMENTS (KOHA)
Source of classification or shelving scheme Dewey Decimal Classification
Koha item type Books
Existencias
Withdrawn status Lost status Source of classification or shelving scheme Damaged status Not for loan Collection code Home library Current library Date acquired Source of acquisition Full call number Barcode Date last seen Copy number Koha item type
    Dewey Decimal Classification     Non-fiction Biblioteca Pública José María del Castillo y Rada Biblioteca Pública José María del Castillo y Rada 04/15/2018 Donación 658.5 / E711c 430012131 05/16/2024 Ej.1 Books